| 000 | 02029cam a2200337 a 4500 | ||
|---|---|---|---|
| 001 | 2978 | ||
| 003 | FISKH | ||
| 005 | 20240126151944.0 | ||
| 008 | 970424s1997 nyuab 000 0 eng | ||
| 010 | _a 97016978 | ||
| 020 | _a0767900308 | ||
| 020 | _a9780767900317 | ||
| 040 |
_aDLC _cDLC _dDLC _beng |
||
| 043 | _an-us-md | ||
| 050 | 0 | 0 |
_aHV5833.B2 _bS55 1997 |
| 082 | 0 | 0 |
_a364.1/77/097526 _221 |
| 100 | 1 |
_aSimon, David, _d1960- |
|
| 245 | 1 | 4 |
_aThe corner : _ba year in the life of an inner-city neighborhood / _cDavid Simon and Edward Burns. |
| 250 | _aThis edition published in 1998 | ||
| 260 |
_aNew York : _bBroadway Books, _c1997 |
||
| 300 |
_a543 pages : _billustrations, map ; _c21 cm |
||
| 520 | _aThe crime-infested intersection of West Fayette and Monroe Streets is well-known--and cautiously avoided--by most of Baltimore. But this notorious corner's 24-hour open-air drug market provides the economic fuel for a dying neighborhood. David Simon, an award-winning author and crime reporter, and Edward Burns, a 20-year veteran of the urban drug war, tell the chilling story of this desolate crossroad. Through the eyes of one broken family--two drug-addicted adults and their smart, vulnerable 15-year-old son, DeAndre McCollough, Simon and Burns examine the sinister realities of inner cities across the country and unflinchingly assess why law enforcement policies, moral crusades, and the welfare system have accomplished so little. This extraordinary book is a crucial look at the price of the drug culture and the poignant scenes of hope, caring, and love that astonishingly rise in the midst of a place America has abandoned. | ||
| 650 | 0 |
_aDrug abuse _zMaryland _zBaltimore. |
|
| 650 | 0 |
_aDrug addicts _zMaryland _zBaltimore. |
|
| 650 | 0 |
_aDrug dealers _zMaryland _zBaltimore. |
|
| 650 | 0 |
_aInner cities _zMaryland _zBaltimore. |
|
| 650 | 0 |
_aAt-risk youth _zMaryland _zBaltimore. |
|
| 700 | 1 |
_aBurns, Edward, _d1946- _eAuthor |
|
| 906 |
_a7 _bcbc _corignew _d1 _eocip _f19 _gy-gencatlg |
||
| 942 |
_2ddc _cBK _n0 |
||
| 999 |
_c2978 _d2978 |
||